00270nam a2200109Ia 4500008004100000082001600041100001000057245005200067260002500119300000800144650000800152191201s2006 xx 000 0 und d a658.81bICC aICFAI 0aCase Studies in Sales & Distribution Management aN.DelhibICFAIc2006 a270 aMBA